<?xml version="1.0" encoding="UTF-8"?>
<record
    xmlns:xsi="http://www.w3.org/2001/XMLSchema-instance"
    xsi:schemaLocation="http://www.loc.gov/MARC21/slim http://www.loc.gov/standards/marcxml/schema/MARC21slim.xsd"
    xmlns="http://www.loc.gov/MARC21/slim">

  <leader>02024nam a2200361 i 4500</leader>
  <controlfield tag="001">000049081</controlfield>
  <controlfield tag="003">DO-SdBNP</controlfield>
  <controlfield tag="005">20240822105428.0</controlfield>
  <controlfield tag="007">ta</controlfield>
  <controlfield tag="008">091117s2006    dr            000 0 spa d</controlfield>
  <datafield tag="020" ind1=" " ind2=" ">
    <subfield code="a">8489525234</subfield>
  </datafield>
  <datafield tag="040" ind1=" " ind2=" ">
    <subfield code="a">DO-SdBNP</subfield>
    <subfield code="b">spa</subfield>
    <subfield code="c">BNPHU</subfield>
    <subfield code="e">rda</subfield>
  </datafield>
  <datafield tag="082" ind1=" " ind2="4">
    <subfield code="a">349.7293</subfield>
    <subfield code="b">V422h, 2006</subfield>
    <subfield code="2">22</subfield>
  </datafield>
  <datafield tag="100" ind1="1" ind2=" ">
    <subfield code="a">Vega B., Wenceslao,</subfield>
    <subfield code="d">1932-</subfield>
    <subfield code="9">38670</subfield>
    <subfield code="e">autor</subfield>
  </datafield>
  <datafield tag="245" ind1="1" ind2="0">
    <subfield code="a">Historia del derecho dominicano /</subfield>
    <subfield code="c">Wenceslao Vega B.</subfield>
  </datafield>
  <datafield tag="250" ind1=" " ind2=" ">
    <subfield code="a">5a. edici&#xF3;n actualizada hasta 2005</subfield>
  </datafield>
  <datafield tag="264" ind1=" " ind2=" ">
    <subfield code="a">Santo Domingo :</subfield>
    <subfield code="b">INTEC,</subfield>
    <subfield code="c">2006.</subfield>
  </datafield>
  <datafield tag="300" ind1=" " ind2=" ">
    <subfield code="a">xii, 486 p&#xE1;ginas ;</subfield>
    <subfield code="c">23 cm.</subfield>
  </datafield>
  <datafield tag="336" ind1=" " ind2=" ">
    <subfield code="2">rdacontent</subfield>
    <subfield code="a">texto</subfield>
    <subfield code="b">txt</subfield>
  </datafield>
  <datafield tag="337" ind1=" " ind2=" ">
    <subfield code="2">rdamedia</subfield>
    <subfield code="a">sin mediaci&#xF3;n</subfield>
    <subfield code="b">n</subfield>
  </datafield>
  <datafield tag="338" ind1=" " ind2=" ">
    <subfield code="2">rdacarrier</subfield>
    <subfield code="a">volumen</subfield>
    <subfield code="b">nc</subfield>
  </datafield>
  <datafield tag="500" ind1=" " ind2=" ">
    <subfield code="a">Incluye datos biogr&#xE1;ficos del autor en la solapa de la cubierta.</subfield>
  </datafield>
  <datafield tag="500" ind1=" " ind2=" ">
    <subfield code="a">Incluye referencias bibliogr&#xE1;ficas y notas al pie de las p&#xE1;ginas.</subfield>
  </datafield>
  <datafield tag="500" ind1=" " ind2=" ">
    <subfield code="a">Incluye &#xED;ndice anal&#xED;tico : p&#xE1;ginas 441-486</subfield>
  </datafield>
  <datafield tag="504" ind1=" " ind2=" ">
    <subfield code="a">Bibliograf&#xED;a : p&#xE1;ginas 435-440</subfield>
  </datafield>
  <datafield tag="505" ind1="0" ind2=" ">
    <subfield code="a">Antecedentes --</subfield>
    <subfield code="t">El derecho castellano a fines del siglo XV --</subfield>
    <subfield code="t">El derecho en la sociedad Ta&#xED;na en la Espa&#xF1;ola --</subfield>
    <subfield code="t">El derecho al descubrimiento --</subfield>
    <subfield code="t">El primer derecho en la Isla Espa&#xF1;ola --</subfield>
    <subfield code="t">Los primeros experimentos jur&#xED;dicos --</subfield>
    <subfield code="t">El derecho indiano dominicano --</subfield>
    <subfield code="t">El derecho en los &#xFA;ltimos a&#xF1;os de la colonia Espa&#xF1;ola --</subfield>
    <subfield code="t">La ocupaci&#xF3;n francesa --</subfield>
    <subfield code="t">El segundo per&#xED;odo espa&#xF1;ol (1809-1821) --</subfield>
    <subfield code="t">La primera independencia --</subfield>
    <subfield code="t">1822-1844 --</subfield>
    <subfield code="t">El per&#xED;odo haitiano --</subfield>
    <subfield code="t">1844-1861--</subfield>
    <subfield code="t">El primer derecho dominicano --</subfield>
    <subfield code="t">1861-1865 --</subfield>
    <subfield code="t">Anexi&#xF3;n a Espa&#xF1;a --</subfield>
    <subfield code="t">1865-1899 --</subfield>
    <subfield code="t">1900-1916 --</subfield>
    <subfield code="t">La intervenci&#xF3;n militar norteamericana 1916-1924 --</subfield>
    <subfield code="t">Gobierno de V&#xE1;squez --</subfield>
    <subfield code="t">La Era de Trujillo --</subfield>
    <subfield code="t">Ensayos democr&#xE1;ticos.</subfield>
  </datafield>
  <datafield tag="590" ind1=" " ind2=" ">
    <subfield code="a">Inventariado,2019/VM</subfield>
  </datafield>
  <datafield tag="650" ind1=" " ind2="4">
    <subfield code="a">Derecho</subfield>
    <subfield code="x">Legislacion</subfield>
    <subfield code="z">Rep&#xFA;blica Dominicana</subfield>
    <subfield code="9">43316</subfield>
  </datafield>
  <datafield tag="650" ind1=" " ind2="4">
    <subfield code="a">Derecho civil</subfield>
    <subfield code="z">Rep&#xFA;blica Dominicana</subfield>
    <subfield code="x">Historia</subfield>
    <subfield code="9">43317</subfield>
  </datafield>
  <datafield tag="651" ind1=" " ind2="4">
    <subfield code="a">Rep&#xFA;blica Dominicana</subfield>
    <subfield code="x">Legislaci&#xF3;n </subfield>
    <subfield code="x">Historia</subfield>
    <subfield code="9">12433</subfield>
  </datafield>
  <datafield tag="910" ind1=" " ind2=" ">
    <subfield code="a">VMateo. Validado. Control de calidad /MAA</subfield>
  </datafield>
  <datafield tag="942" ind1=" " ind2=" ">
    <subfield code="2">ddc</subfield>
    <subfield code="c">LBS1</subfield>
  </datafield>
  <datafield tag="952" ind1=" " ind2=" ">
    <subfield code="0">0</subfield>
    <subfield code="1">0</subfield>
    <subfield code="2">ddc</subfield>
    <subfield code="5">1</subfield>
    <subfield code="7">0</subfield>
    <subfield code="8">PD</subfield>
    <subfield code="a">BNPHU</subfield>
    <subfield code="b">BNPHU</subfield>
    <subfield code="c">HD</subfield>
    <subfield code="d">2019-07-17</subfield>
    <subfield code="e">Dep&#xF3;sito Legal </subfield>
    <subfield code="i"> </subfield>
    <subfield code="o">BNPHU PD 349.7293 V422h 2006</subfield>
    <subfield code="p">49082-10</subfield>
    <subfield code="r">2020-06-25</subfield>
    <subfield code="w">2020-06-25</subfield>
    <subfield code="y">LBS1</subfield>
  </datafield>
  <datafield tag="952" ind1=" " ind2=" ">
    <subfield code="0">0</subfield>
    <subfield code="1">0</subfield>
    <subfield code="2">ddc</subfield>
    <subfield code="5">1</subfield>
    <subfield code="7">0</subfield>
    <subfield code="8">PD</subfield>
    <subfield code="a">BNPHU</subfield>
    <subfield code="b">BNPHU</subfield>
    <subfield code="c">HD</subfield>
    <subfield code="d">2020-11-23</subfield>
    <subfield code="e">Donado por Maritza B&#xE1;ez </subfield>
    <subfield code="o">BNPHU PD 349.7293 V422h 2006</subfield>
    <subfield code="p">2020-0555</subfield>
    <subfield code="r">2020-11-23</subfield>
    <subfield code="t">e.2</subfield>
    <subfield code="w">2020-11-23</subfield>
    <subfield code="y">LBS1</subfield>
  </datafield>
  <datafield tag="952" ind1=" " ind2=" ">
    <subfield code="0">0</subfield>
    <subfield code="1">0</subfield>
    <subfield code="2">ddc</subfield>
    <subfield code="5">6</subfield>
    <subfield code="7">0</subfield>
    <subfield code="8">DS</subfield>
    <subfield code="a">BNPHU</subfield>
    <subfield code="b">BNPHU</subfield>
    <subfield code="c">MI</subfield>
    <subfield code="d">2020-12-17</subfield>
    <subfield code="e">Dep&#xF3;sito Legal </subfield>
    <subfield code="o">BNPHU DS 349.7293 V422h 2006</subfield>
    <subfield code="p">2020-0784</subfield>
    <subfield code="r">2020-12-17</subfield>
    <subfield code="t">e.3</subfield>
    <subfield code="w">2020-12-17</subfield>
    <subfield code="y">LBS1</subfield>
  </datafield>
  <datafield tag="999" ind1=" " ind2=" ">
    <subfield code="c">48569</subfield>
    <subfield code="d">48569</subfield>
  </datafield>
</record>
